| 000 | 00736nab#a2200217#c#4500 | ||
|---|---|---|---|
| 999 |
_c53597 _d53597 |
||
| 003 | IEF | ||
| 005 | 20191211122836.0 | ||
| 008 | 950704s1975 uuu|| #####0 b| |u | ||
| 040 |
_aIEF _cES-MaIEF |
||
| 100 | 1 |
_aGoldscheid, Rudolf _918683 |
|
| 245 |
_aSocialismo de estado o capitalismo estatal _buna contribución sociológico-financiera a la solución del problema de la deuda pública _c Rudolf Goldscheid |
||
| 260 |
_aMadrid _b Instituto de Estudios Fiscales [IEF] _c1975 |
||
| 650 | 4 |
_aSOCIOLOGIA FINANCIERA _948474 |
|
| 650 | 4 |
_aSOCIALISMO _948450 |
|
| 650 | 4 |
_aCAPITALISMO _933520 |
|
| 650 | 4 |
_aESTUDIOS _943582 |
|
| 773 | 0 |
_tHacienda pública española _w34570 _g34, p. 198-206 |
|
| 942 | _2udc | ||
| 942 | _2udc | ||